| 000 | 01631nam a22002297a 4500 | ||
|---|---|---|---|
| 001 | EIF-X-2019-M8-004 | ||
| 003 | OSt | ||
| 005 | 20230102101121.0 | ||
| 008 | 230102b |||||||| |||| 00| 0 eng d | ||
| 040 |
_aFundación Jesús Pereda _cFundación Jesús Pereda |
||
| 041 | _aCastellano | ||
| 100 |
_uUniversidad de Navarra _aDíaz Hernández, Onésimo _9722 |
||
| 111 |
_aEncuentro de Investigadores del Franquismo _c(Valencia. _d2019. _n10º) _9102 |
||
| 245 |
_aLa primera “campaña de prensa” del Opus Dei _f1945 _c/Onésimo Díaz Hernández |
||
| 520 | _aEn 1945, el fundador del Opus Dei promovió una especie de «campaña de prensa» en revistas católicas con el fin de mostrar qué era y qué no era el Opus Dei. José María Escrivá consiguió que tres sacerdotes amigos publicaran artículos favorables en cuatro revistas y semanarios católicos. Esta comunicación se basa fundamentalmente en la consulta del Archivo General de la Prelatura del Opus Dei en Roma y en fuentes hemerográficas. Principalmente se pretende mostrar qué decían los artículos, quiénes eran los autores y averiguar por qué Escrivá decidió montar una campaña en publicaciones católicas. En definitiva, se quiere hacer una primera aproximación a una cuestión más rica sobre la que se ha escrito poco. | ||
| 600 | 0 |
_91113 _aEscrivá de Balaguer, José María |
|
| 610 | 0 |
_9952 _aOpus Dei |
|
| 650 | 0 |
_9675 _aPrensa |
|
| 773 |
_tActas del X Encuentro de Investigadores del Franquismo _g925-938 p. |
||
| 856 | _uhttps://bibliotecaccoocyl.fundacionjesuspereda.es/cgi-bin/koha/opac-retrieve-file.pl?id=650f8bd987c7799fec7ec5d67de9e386 | ||
| 942 |
_2ddc _cCF _n0 |
||
| 999 |
_c665 _d665 |
||